000 00525nam a2200217Ia 4500
003 0100
008 130303s9999 xx 000 0 und d
020 _a9024717256
040 _cARRUPELIB
050 _aB829.5.S637
100 _aSpiegelberg, Herbert
245 _aDoing phenomenology
245 _bessays on and in phenomenology
260 _aThe Hague
260 _bMartinus Nijhoff
260 _C1975
300 _axxv
300 _b 290cm. 24cm.
440 _aPhaenomenologica ; No. 63
942 _2lcc
_02
999 _c60565
_d60565